000
00352nam a2200157Ia 4500
003
RNL
008
090707b ii f a fnsan d
040
_a
RCL
100
_a
Ravinder Singh
_9
29572
245
_a
Bastiwad ate ilaqaie wakhrewen
260
_a
Chandigarh
260
_b
Lokgeet Parkashan
260
_c
2005
300
_a
168p.
942
_c
BK
999
_c
21161
_d
21161